Los peces del delta del Orinoco (Registro nro. 7515)

Detalles MARC
000 -CABECERA
Campo de control 00810nam a22002177a 4500
005 - FECHA Y HORA DE LA ULTIMA TRANSACCION
Campo de control 20150918130618.0
008 - ELEMENTOS DE LONGITUD FIJA—INFORMACION GENERAL
Campo de control 130805b2011 ck ||||| |||| 00| 0 spa d
020 ## - ISBN
ISBN 9789807090117
040 ## - FUENTE DE CATALOGACIÓN
Agencia catalogadora original CO-BoIAVH
Agencia transcriptora CO-BoIAVH
041 ## - IDIOMA
Código de idioma para texto/pista de sonido o título separado Español
044 ## - PAÍS DE PUBLICACIÓN
País de publicación Venezuela
082 ## - NUMERO DE CLASIFICACION DECIMAL DEWEY
Número de clasificación 597.0986
Número del ítem L346p
100 10 - ASIENTO PRINCIPAL--NOMBRE PERSONAL
Nombre personal Lasso-Alcalá, Carlos A.
9 (RLIN) 38917
245 1# - MENCION DE TITULO
Título Los peces del delta del Orinoco
Parte restante del título Diversidad, bioecología, uso y conservación /
Mención de responsabilidad Carlos A. Lasso-Alcalá y Paula Sánchez Duarte.
260 ## - PUBLICACION, DISTRIBUCION, ETC. (PIE DE IMPRENTA)
Lugar de publicación, distribución, etc. Caracas, Venezuela
Nombre del editor, distribuidor, etc. Fundación La Salle de Ciencias Naturales
-- Chevron C.A. Venezuela
Fecha de publicación, distribución, etc. 2011
300 ## - DESCRIPCION FISICA
Extensión 498 p.,
Otros detalles físicos il., (col), tablas.
Dimensiones 22 cm.
504 ## - NOTA DE BIBLIOGRAFIA, ETC.
Nota de bibliografía Incluye bibliografía e índice
650 ## - ASIENTO SECUNDARIO DE MATERIA - TERMINO TEMATICO
Término temático o nombre geográfico como elemento de entrada Peces
Subdivisión geográfica Orinoco (Río, Venezuela)
9 (RLIN) 38918
700 ## - ASIENTO SECUNDARIO - NOMBRE PERSONAL
Nombre personal Sánchez-Duarte, Paula
9 (RLIN) 1223
942 ## - ELEMENTOS ADICIONALES (KOHA)
Sistema de clasificación Dewey Decimal Classification
Tipo de ítem Libro
Koha issues (borrowed), all copies 2
Existencias
Withdrawn status Lost status Sistema de Clasificación Damaged status No para préstamo Colección Inventariado Ubicación Permanente Ubicación actual Fecha de adquisición Fuente de Valor Valor Total Checkouts Número topográfico Inventario / Código de Barras Date last seen Date checked out Ejemplar Price effective from Forma de adquisición Tipo de material
    Dewey Decimal Classification     General Inventariado 2017 Bogotá Bogotá 05/08/2013 Instituto 39000.00 2 LB-597.0986 L346p 028444 28/11/2014 10/11/2014 Ej. 1 05/08/2013   Libro
    Dewey Decimal Classification     General Inventariado 2017 Bogotá Bogotá 18/09/2015 Instituto 39000.00   LB-597.0986 L346p 035206 18/09/2015   Ej. 3 18/09/2015   Libro
    Dewey Decimal Classification     General Inventariado 2017 Sala Fabio Quevedo Sala Fabio Quevedo 17/04/2015 Instituto 39000.00   LB-597.0986 L346p 039012 17/04/2015   Ej. 2 17/04/2015   Libro